| 000 | 00442nam a2200181Ia 4500 | ||
|---|---|---|---|
| 001 | 15645 | ||
| 005 | 20260306170211.0 | ||
| 008 | 260306t2012||||xx |||||||||||||| ||und|| | ||
| 041 | _aESP | ||
| 082 |
_a570 _bE73 |
||
| 100 |
_aErice Zúñiga, Elena Victoria de _eAUT |
||
| 245 | 0 |
_aBiología: _bla ciencia de la vida |
|
| 260 | _c2012 | ||
| 300 |
_a449 páginas : _c27 cm. |
||
| 650 | _aGEN | ||
| 654 | _aCCN | ||
| 942 |
_cLIB _dJUS _fJUS _2ddc _n |
||
| 999 |
_c15645 _d15645 |
||